000
00320nam a2200145Ia 4500
008
210210b1931 xxu||||| |||| 00| 0 eng d
041
_a
eng
082
_a
721/24
100
_a
LETHABY (W R)
245
_a
Architecture
260
_a
London
_b
-
_c
1931
650
_a
Architecture
690
_a
The Arts
906
_a
010995
999
_c
139049
_d
139049